• 首页
  • 本馆介绍
  • 公告通知
  • 最新文献
  • 馆藏检索
  • 电子资源
  • 读者导购
  • 参考咨询
  • 我的图书馆
  • 登录
  • 详细信息显示
  • 放入我的书架
  • 预约/预借图书
  • 作者相关作品
  • 分类相关作品
  • 丛书相关作品
  • 出版社相关作品

书目信息

  • 表格格式
  • 工作单格式
  • 卡片格式
题名:
隋炀大帝
    
 
作者: 王向 著
分册: 上卷  
出版信息: 北京   中国社会出版社  2006.3
页数: 402页
开本: 23cm
丛书名:
单 册:
中图分类: K827=41 , K827
科图分类:
主题词: 隋炀帝(569-618)--传记
电子资源:
ISBN: 7-5087-0570-X
000 01211nam0 2200349 450
000 01174nam0 2200337 450
000 01156nam0 2200337 450
000 01102nam0 2200313 450
000 01052nam0 2200301 450
000 00998nam0 2200277 450
000 00983nam0 2200265 450
000 00946nam0 2200253 45
001 TS2006031460
005 20061203145901.96
010    @a7-5087-0570-X@dCNY34.00
100    @a20060829d2006 em y0chiy0120 ea
101 0  @achi
102    @aCN@b110000
105    @aa z 000yy
200 1  @a隋炀大帝@ASui Yang Da Di@h上卷@H( Shang Juan)@f王向著@FWang Xiang Zhu
210    @a北京@c中国社会出版社@d2006.3
215    @a402页@c图@d23cm
330    @a作者试图大本书中,改变历史小说的传统叙事方式,用一种新的叙事方式和清新的语言,摆脱由来已久的历史小说中的梨园气和戏剧舞台中的神话色彩。
606 0  @a隋炀帝(569-618)@x传记
690    @aK827=41@v4
690    @aK827@v3
701  0 @a王向@AWang Xiang@4著
801  0 @aCN@b中图数据@c20061203
905    @a10447@dK827@e383:1
    
    隋炀大帝.上卷/王向著.-北京:中国社会出版社,2006.3
    402页:图;23cm
    
    
    ISBN 7-5087-0570-X:CNY34.00
    作者试图大本书中,改变历史小说的传统叙事方式,用一种新的叙事方式和清新的语言,摆脱由来已久的历史小说中的梨园气和戏剧舞台中的神话色彩。
●
相关链接 在E读中查询图书 在五车中查询图书 在当当中查询图书 在豆瓣中查询图书


正题名:隋炀大帝     索取号:K827/383:1         预约/预借

序号 登录号 条形码 馆藏地/架位号 状态 备注
1 0616837   206168378   第二借阅区/ [索取号:K827/383:1] 在馆    
2 0616839   206168396   第二样本阅览室/ [索取号:K827/383:1] 在馆    
唐山师范学院图书馆 欢迎您!
大连网信软件有限公司© 版权所有